Detalles MARC
| 000 -CABECERA |
| campo de control de longitud fija |
03046nam a2200265 4500 |
| 003 - IDENTIFICADOR DEL NÚMERO DE CONTROL |
| campo de control |
vecauma |
| 005 - FECHA Y HORA DE LA ÚLTIMA TRANSACCIÓN |
| campo de control |
20260410124523.0 |
| 007 - CAMPO FIJO DE DESCRIPCIÓN FÍSICA--INFORMACIÓN GENERAL |
| campo de control de longitud fija |
ta |
| 008 - DATOS DE LONGITUD FIJA--INFORMACIÓN GENERAL |
| campo de control de longitud fija |
260410b ve ||||| |||| 00| 0 spa d |
| 020 ## - ISBN |
| Número Internacional Estándar del Libro |
8448122291 |
| 040 ## - FUENTE DE LA CATALOGACIÓN |
| Centro catalogador/agencia de origen |
vecauma |
| Lengua de catalogación |
spa |
| Centro/agencia transcriptor |
vecauma |
| Centro/agencia modificador |
vecauma |
| Normas de descripción |
rda |
| 041 ## - CÓDIGO DE LENGUA |
| Código de lengua del recurso |
spa |
| 100 1# - AUTOR PERSONAL |
| Término indicativo de función/relación |
autor |
| 245 1# - MENCIÓN DE TÍTULO |
| Título |
Cálculo y geometría analítica |
| Mención de responsabilidad, etc. |
/ Larson, Hostetler, Edwards |
| 250 ## - MENCIÓN DE EDICIÓN |
| Mención de edición |
6a ed |
| 264 ## - PRODUCCIÓN, PUBLICACIÓN, DISTRIBUCIÓN, FABRICACIÓN Y COPYRIGHT |
| Producción, publicación, distribución, fabricación y copyright |
España: |
| Nombre del de productor, editor, distribuidor, fabricante |
McGraw-Hill; |
| Fecha de producción, publicación, distribución, fabricación o copyright |
1999. |
| 300 ## - DESCRIPCIÓN FÍSICA |
| Extensión |
895 páginas. |
| 336 ## - TIPO DE CONTENIDO |
| Término de tipo de contenido |
texto |
| Código de tipo de contenido |
txt |
| Fuente |
rdacontenido |
| 337 ## - TIPO DE MEDIO |
| Nombre/término del tipo de medio |
no mediado |
| Código del tipo de medio |
n |
| Fuente |
rdamedio |
| 338 ## - TIPO DE SOPORTE |
| Nombre/término del tipo de soporte |
volumen |
| Código del tipo de soporte |
nc |
| Fuente |
rdasoporte |
| 505 0# - NOTA DE CONTENIDO CON FORMATO |
| Nota de contenido con formato |
Ingeniería y física /<br/>Economía y comercio /<br/>Ciencias sociales y del comportamiento /<br/>Ciencias de la vida /<br/> |
| 520 3# - SUMARIO, ETC. |
| Sumario, etc. |
Bienvenido a la sexta edición de Cálculo! A lo largo de los años, desde su primera edición, este libro ha liderado el desarrollo de técnicas pedagógicas innovadoras, poniendo un énfasis, sin duda superior al de otros textos, en el aprendizaje mediante gráficas. Asimismo, ha sido pionero en incorporar gráficas generadas por ordenador, con con el fin de visualizar conceptos matemáticos complicados.<br/><br/>Siempre se ha cuidado minuciosamente la presentación, utilizando un lenguaje matemático preciso y un nivel de exposición que agrada a los estudiantes. En cada edición se han ido incorporando las propias experiencias docentes de los autores, así como las abundantes sugerencias de atentos usuarios. Esta sexta edición ofrece nuevas oportunidades de utilizar tecnología informática, un mayor impulso a las aplicaciones de la vida cotidiana y a la elaboración de modelos matemáticos, muchos ejercicios conceptuales y de entrada múltiple, exploraciones novedosas en muchas secciones y un sinfín de ayudas para profesores y estudiantes.<br/><br/>Se incluyen en el texto diversas formas de enfrentar y matizar los conceptos y los resultados. Eligiendo las que más se ajusten a las preferencias de cada cual, se puede usar el texto de formas distintas, bien sea incentivando la lectura y el descubrimiento, promoviendo la habilidad con bolígrafo y papel o con la computadora, con un enfoque más o menos formal o intuitivo, analitico o gráfico, centrado en las propias Matemáticas o con una fuerte componente aplicada, con presentación directa en el aula o enseñanza a distancia, entre otras opciones.<br/><br/>Se ha ampliado la gama de aplicaciones y se han añadido ejercicios de orientación tecnológica que incitan a la reflexión, conceptuales, creativos, realistas y atractivos, y otros muchos en los que se ajustan datos reales por medio de modelos matemáticos, cuya interpretación se pide al estudiante.<br/><br/>Si bien se ha revisado todo el texto, subrayando la utilidad de algunos resultados y conceptos, o añadiendo otros nuevos, no se ha cambiado todo aquello que en opinión de los profesores y del millón y medio de estudiantes que lo han utilizado, hacen de esta obra un instrumento eficaz. <br/> |
| 942 #1 - ELEMENTOS DE ENTRADA AGREGADA (KOHA) |
| Fuente del sistema de clasificación o colocación |
Library of Congress Classification |
| Ocultar en OPAC |
No |
| Tipo de ítem Koha |
Libros |